Hodnotenie požiarnej bezpečnosti materiálov a výrobkov z dreva a na báze dreva. /

Uložené v:
Podrobná bibliografia
Hlavný autor: Osvald, Anton (Author)
Médium: Kniha
Jazyk:Slovak
Vydané: Zvolen : Technická univerzita Zvolen, 1996
Vydanie:1. vyd.
Témy:
ISBN: 8022805955 (brož.)
Fyzický popis: 103 s.
Tagy: Pridať tag
Žiadne tagy, Buďte prvý kto otaguje tento záznam!

MARC

LEADER 00000nam a2200000 a 4500
001 000036282
003 SVKK
005 19980407000000.0
008 971205s1996 xo e sloo
020 |a 8022805955 (brož.) 
040 |a SVKKK  |b slo  |c SVKKK  |e AACR2 
041 0 |a slo 
044 |a xo  |c SK 
080 |a 674.84:674(075.8)  |2 1997 
080 |a 674:614.84(075.8)  |2 1997 
100 1 |a Osvald, Anton  |4 aut 
245 1 0 |a Hodnotenie požiarnej bezpečnosti materiálov a výrobkov z dreva a na báze dreva. /  |c Anton Osvald 
250 |a 1. vyd. 
260 |a Zvolen :  |b Technická univerzita Zvolen,  |c 1996 
300 |a 103 s. 
653 0 |a bezpečnosť požiarna  |2 SVKKKPH 
653 0 |a drevo  |2 SVKKKPH 
653 0 |a učebnice VŠ  |2 SVKKKPH 
655 7 |a učebnice vysokých škôl  |2 SVKKKPH 
910 |a svkkk 
919 |a 80-228-0595-5 
974 |a MI  |d 19980120 
974 |a KL  |d 19980305 
974 |a PI  |d 19980407 
998 |a BK 
090 |g SCKHL  |k Sklad Pribinova 3. posch.  |a V.200938  |j 913646  |i 2720213235  |s Absenčne